| 000 | 00514nam a22001817a 4500 | ||
|---|---|---|---|
| 005 | 20240610093826.0 | ||
| 008 | 240610b |||||||| |||| 00| 0 eng d | ||
| 040 |
_aIN-DiNC _cIN-DiNC |
||
| 041 | _dasm | ||
| 082 |
_a891.2 _bSAR |
||
| 100 |
_aSarma, Prabhat Chandra _eauthor |
||
| 245 |
_aPanchatantra/ _cby Prabhat Chandra Sarma |
||
| 250 | _a7th ed. | ||
| 260 |
_aGuwahati: _bPublication Board Assam, _c2012. |
||
| 300 | _a297p. | ||
| 650 | _aTranslation of Sanskrit Panchatantra in Assamese | ||
| 942 |
_2ddc _cBK |
||
| 999 |
_c11849 _d11849 |
||